| 000 | 01419nam a2200289Ia 4500 | ||
|---|---|---|---|
| 003 | OSt | ||
| 005 | 20201013233819.0 | ||
| 008 | 191128s1998 ck adb gr 000 0dspa d | ||
| 020 | _a9586017818 | ||
| 040 |
_aCO-JMCR _cCO-JMCR |
||
| 041 | 0 | _aspa | |
| 082 | 0 | 4 |
_a986.1004 / _bA662p _223 |
| 100 | 1 |
_aArango, Raúl, _eautor _911470 |
|
| 245 | 1 | 4 |
_aLos pueblos indígenas de Colombia 1997 : _bdesarrollo y territorio / _cRaúl Arango y Enrique Sánchez |
| 250 | _aPrimera edición | ||
| 260 |
_aBogotá : _bDepartamento Nacional de Planeación : TM Editores, _c1998 |
||
| 300 |
_axvi, 334 páginas, [86] páginas sin numerar : _bilustraciones, gráficos y mapas a blanco y negro ; _c24 cm. |
||
| 500 | _aIncluye datos biográficos de los autores en solapa posterior. | ||
| 504 | _aBibliografía: páginas 329-334 | ||
| 505 | 0 | _aEl devenir de los pueblos indigenas -- Las etnias: historia y economía -- Tierras de los pueblos indígenas -- Normatividad sectorial | |
| 520 | 3 | _aLa constitución política de 1991 estableció a partir del reconocimiento del carácter pluriétnico de la Nación, el conjunto de derechos que tienen los grupos etnicos-indígenas | |
| 650 | 1 | 4 |
_aIndígenas de Colombia _xhistoria _911471 |
| 650 | 1 | 4 |
_aIndígenas de Colombia _xcondiciones económicas _911472 |
| 650 | 1 | 4 |
_aIndios de Colombia _xaspectos sociales _911473 |
| 700 | 1 |
_aSánchez, Enrique, _eautor _93910 |
|
| 942 |
_2ddc _cBK |
||
| 999 |
_c6266 _d6266 |
||